000 00537nam a2200169Ia 4500
008 151213s9999 xx 000 0 und d
020 _a81-2030981-2
100 _aJames A. F.Stoner , R. Edward Freman,and Danial R. Gilbert
245 _aManagement
_cJames A. F.Stoner , R. Edward Freman,and Danial R. Gilbert
250 _a6th
260 _aNew Delhi
_bPrentic Hall
_c1995
300 _a5046 p.
650 _aManagement
650 _aManagement
700 _aJames A. F.Stoner , R. Edward Freman,and Danial R. Gilbert
999 _c3122
_d3122